01093nam a2200217 a 4500008004100000020001500041050001600056100002300072245006300095250001600158260003000174300003000204350000900234650001500243650002500258995014200283995016300425999001700588952013500605952013500740120416s1996 ||||||||||||||||| || u a0749420286 aHF 5549 Arm aArmstrong, Michael12aA handbook of personnel management practice. (6th edition) a6th edition aLondon:bKogan Pagec1996 a959 pages : illustrations a0.00 0aMANAGEMENT 0aPERSONNEL MANAGEMENT aBINDERY (DAMAGED)D0.00e730674FCBU-MAIN LIBRARY (Kitwe)H1I22.95jHF 5549 ARMM1UDAMAGEDy026553ZMain Library Open Access Collection aMAIN LIBRARY OPEN ACCESSD0.00e729940FCBU-MAIN LIBRARY (Kitwe)H1I0.00jHF 5549 ArmM2UAVAILABLEWFeb 8, 2007y023796ZMain Library Open Access Collection c76103d76103 00102lcc4070a001b001cMain Library Open Access Collectiond2023-04-25l0oHF 5549 Armp026553r2023-04-25t1w2023-04-25y002 00102lcc4070a001b001cMain Library Open Access Collectiond2023-04-25l0oHF 5549 Armp023796r2023-04-25t2w2023-04-25y002